| 000 | 00879nam a22002297a 4500 | ||
|---|---|---|---|
| 005 | 20140303115954.0 | ||
| 010 | _aB-514963-984 | ||
| 020 |
_a9788131912720 _c125.00 |
||
| 035 | _aB-514963-984 | ||
| 037 |
_bBBB/Ven. _adpl |
||
| 082 | _a004 | ||
| 245 |
_aDiscoveries and Inventions : _cedited by Anil Kumar Tomar [and] Pallabi B. Tomar; illustrated by Suman S. Roy [and] Tanoy Choudhury _bComputers / |
||
| 260 |
_aNew Delhi _bPegasus an imprint of B. Jain Publishers _c00?? |
||
| 270 |
_a1921/10, Chuna Mandi, Paharganj _bNew Delhi _e110055 |
||
| 300 |
_a30p. : _c26cm(Hb) _bcol.ill. |
||
| 490 | _aPegasus encyclopedia library | ||
| 500 | _aIncludes index | ||
| 700 | _aTomar, Anil Kumar | ||
| 700 | _aTomar, Pallabi B. | ||
| 942 |
_2ddc _cCH _mDIS _h004 |
||
| 999 |
_c79231 _d79231 |
||